Văn hoá và triết lý kinh doanh

Cuốn sách "Văn hoá kinh doanh và triết lý kinh doanh" là nghiên cứu vai trò, sự tác động và biểu hiện của văn hoá trong kinh doanh và triết lý kinh doanh trên thế giới nói chung, ở Việt Nam nói riêng, để từ đó tạo dựng và phát huy một...

תיאור מלא

שמור ב:
מידע ביבליוגרפי
מחבר ראשי: Đỗ, Minh Cương
פורמט: ספר
שפה:Undetermined
יצא לאור: Hà Nội Trường Đại học Thương mại 2000
נושאים:
תגים: הוספת תג
אין תגיות, היה/י הראשונ/ה לתייג את הרשומה!
Thư viện lưu trữ: Trung tâm Học liệu Trường Đại học Cần Thơ
LEADER 01345nam a2200217Ia 4500
001 CTU_122139
008 210402s9999 xx 000 0 und d
020 |c 30000 
082 |a 306.068 
082 |b C561 
100 |a Đỗ, Minh Cương 
245 0 |a Văn hoá và triết lý kinh doanh 
245 0 |c Đỗ Minh Cương 
260 |a Hà Nội 
260 |b Trường Đại học Thương mại 
260 |c 2000 
520 |a Cuốn sách "Văn hoá kinh doanh và triết lý kinh doanh" là nghiên cứu vai trò, sự tác động và biểu hiện của văn hoá trong kinh doanh và triết lý kinh doanh trên thế giới nói chung, ở Việt Nam nói riêng, để từ đó tạo dựng và phát huy một kiểu kinh doanh Việt Nam, có cốt lõi là triết lý kinh doanh; phát huy được các nhân tố văn hoá trong hoạt động kinh té, kinh doanh với mục đích tạo ra nội lực dân tộc mạnh mẽ, đẩy nhanh sự nghiệp xây dựng xã hội ở nước ta theo phương thức phát triển bền vững. 
650 |a Culture 
650 |x Economic aspects 
904 |i Hiếu 
980 |a Trung tâm Học liệu Trường Đại học Cần Thơ